000 00794nam a2200217 a 4500
005 200902210153555.7
008 960221s1955 dcuabcdjdbkoqu001 0deng d
080 _a338.48:65
_bPFO
100 _aPforr, Christof.,ed
_eed.by
_913634
245 _aCrisis management in the tourism industry
_bbeating the odds?
_ced.by Christof Pforr and Peter Hosie
300 _axvii, 249p.
490 _aNew directions in tourism analysis
653 _aTourism-Management
_aCrisis management
700 _aHosie, Peter.,ed.
_913633
942 _cBK
260 _aBurlington
_bAshgate
_c2009
_913635
500 _a
020 _a9780754673804
003 ViArRB
952 _w2010-06-16
_p00063734
_r2012-11-23
_40
_00
_bUL
_m1
_10
_o338.48:65 PFO
_d2010-06-16
_70
_cGEN
_2udc
_yBK
_s2012-11-06
_l7
_aUL
999 _c56277
_d56276